| 000 -LEADER |
| fixed length control field |
00722cam a22002174a 4500 |
| 001 - CONTROL NUMBER |
| control field |
3762 |
| 003 - CONTROL NUMBER IDENTIFIER |
| control field |
BD-DhUAP |
| 005 - DATE AND TIME OF LATEST TRANSACTION |
| control field |
20201105091228.0 |
| 008 - FIXED-LENGTH DATA ELEMENTS--GENERAL INFORMATION |
| fixed length control field |
201101s1989 sz a 000 0 eng |
| 020 ## - INTERNATIONAL STANDARD BOOK NUMBER |
| International Standard Book Number |
877626219 |
| 040 ## - CATALOGING SOURCE |
| Original cataloging agency |
BD-DhUAP |
| Transcribing agency |
BD-DhUAP |
| Modifying agency |
BD-DhUAP |
| Language of cataloging |
Eng |
| 082 00 - DEWEY DECIMAL CLASSIFICATION NUMBER |
| Classification number |
510 CHE |
| Edition number |
23 |
| 100 ## - MAIN ENTRY--PERSONAL NAME |
| Personal name |
Cheremisinoff, Nicholas P. |
| 245 ## - TITLE STATEMENT |
| Title |
Engineering Mathematics and Statistics : |
| Remainder of title |
pocket handbook / |
| Statement of responsibility, etc. |
Nicholas P. Cheremisinoff and Paul N. Cheremisinoff. |
| 260 ## - PUBLICATION, DISTRIBUTION, ETC. |
| Place of publication, distribution, etc. |
Lancaster : |
| Name of publisher, distributor, etc. |
Technomic Publishing Co., |
| Date of publication, distribution, etc. |
c1989. |
| 300 ## - PHYSICAL DESCRIPTION |
| Extent |
ix, 200 pages : |
| Other physical details |
illustrations ; |
| Dimensions |
23 cm. |
| 650 ## - SUBJECT ADDED ENTRY--TOPICAL TERM |
| Topical term or geographic name entry element |
Statistics |
| 650 ## - SUBJECT ADDED ENTRY--TOPICAL TERM |
| Topical term or geographic name entry element |
Chemical engineering -- Statistical methods. |
| 700 ## - ADDED ENTRY--PERSONAL NAME |
| Personal name |
Cheremisinoff, Paul N. |
| 942 ## - ADDED ENTRY ELEMENTS (KOHA) |
| Source of classification or shelving scheme |
|
| Koha item type |
Book |